MARC

LEADER 00000nas a2200000 a 4500
001 ssj0000392678
003 WaSeSS
005 20200512172242.0
006 m d
007 cr n
008 090603d20092016enkuu p s | a0eng c
010 |a  2010256045 
015 |a GBB3B3199  |2 bnb 
016 7 |a 003880237  |2 IsJJNL 
016 7 |a 2494559-6 
016 7 |a EM502494559 
016 7 |a 014846135  |2 Uk 
016 7 |a 2494559-6  |2 DE-600 
022 |a 1759-751X  |l 1759-751X 
035 |a (WaSeSS)ssj0000392678 
040 |a WaSeSS  |b eng  |e pn  |c QE2  |d RBN  |d CUS  |d OCLCQ  |d OCLCF  |d BEDGE  |d OCLCO  |d OCLCQ  |d DLC  |d J9U  |d NLE  |d SUNDV  |d FUG  |d DKU  |d UKMGB  |d U3W  |d DLC  |d SFB  |d WaSeSS 
042 |a pcc 
050 0 0 |a LB2326.3 
245 0 0 |a International journal for researcher development  |h [electronic resource]. 
246 3 |a IJRD 
260 |a Bingley :  |b Emerald,  |c 2009-2017. 
310 |a Semiannual 
362 1 |a Began with Vol. 1, issue 1 (2009); ceased with Vol. 7, issue 2 (2016). 
506 |a License restrictions may limit access. 
588 |a Description based on: Vol. 1, issue 1 (2009); title from caption of table of contents page (viewed Sept. 13, 2010). 
588 |a Latest issue consulted: Vol. 7, issue 2 (2016) (Emerald Insight website, viewed Dec. 7, 2016). 
650 0 |a Universities and colleges  |x Graduate work  |v Periodicals. 
650 0 |a Education, Higher  |x Research  |v Periodicals. 
650 7 |a Publications périodiques.  |2 eclas 
650 7 |a Enseignement supérieur.  |2 eclas 
650 7 |a Chercheurs.  |2 eclas 
650 7 |a Education, Higher  |x Research.  |2 fast  |0 (OCoLC)fst00903093 
650 7 |a Universities and colleges  |x Graduate work.  |2 fast  |0 (OCoLC)fst01161785 
655 0 |a Electronic journals. 
776 0 8 |i Print version:  |t International journal for researcher development  |x 2048-8696  |w (OCoLC)757929607 
785 0 0 |t Studies in graduate and postdoctoral education  |x 2398-4694  |w (DLC) 2019204291  |w (OCoLC)1005217555 
850 |a DLC 
856 4 0 |z Full text available from Research Library: 01/01/2009 to 12/31/2016  |u https://search.proquest.com/publication/1386340